000 00559nam a2200169 i 4500
001 78539
003 ES-MaACL
007 t|
008 041014s1965 mx ||||1| spa d
100 1 _aHarrington, Michael.
_961898
245 1 3 _aLa cultura de la pobreza en los Estados Unidos /
_cMichael Harrrington ; [traducción de Emma Susana Speratti].
250 _a[2ª ed.].
260 _aMéxico :
_bFondo de Cultura Económica,
_c[1965]
300 _a243 p. ;
_c17 cm.
700 1 _aSperatti Piñero, Emma Susana.
_9107698
852 _aES-MaACL
_jE-6198
_bR.90584
999 _c78539
_d78539